Psicología de la conducta / (Registro nro. 547)

Detalles MARC
000 -LEADER
fixed length control field 01345 am a2200409 a 4500
005 - FECHA ULTIMA MODIFICACION
control field 20240219115241.0
008 - CAMPO DE CONTROL (LIBRO)
fixed length control field 100805s2003||||ag # f |||| 001 0 spa d
020 ## - INTERNATIONAL STANDARD BOOK NUMBER
ISBN 9501251020
041 ## - CODIGO DE IDIOMA
Código de idioma del texto/pista de sonido o título separado spa
092 ## - SIGNATURA TOPOGRAFICA DEWEY LOCAL
número de clasificación 150.1943
libristica 7
sección BLE
100 1# - ENTRADA PRINCIPAL--NOMBRE PERSONAL
Nombre personal Bleger, José.
9 (RLIN) 966
245 ## - TITULO PROPIAMENTE DICHO
Título Psicología de la conducta /
Mención de responsabilidad y remanente de la transcripción de la portada José Bleger.
250 ## - MENCION DE EDICION
Mención de edición 2a ed. 19a reimp.
260 ## - PIE DE IMPRENTA
Lugar de publicación, distribución, etc Buenos Aires:
Nombre de la editorial, distribuidor, etc Paidós;
Fecha de publicación 2003.
300 ## - DESCRIPCION FISICA
Extension 293 p.
Dimensiones 20x14 cm.
500 ## - NOTA GENERAL
Nota general Bleger, J. (2003). Psicología de la conducta. (2a ed.). Buenos Aires : Paidos.
653 ## - TÉRMINO INDIZADO - PALABRAS CLAVES
Palabra clave Psicología y el ser humano
653 ## - TÉRMINO INDIZADO - PALABRAS CLAVES
Palabra clave Conducta
653 ## - TÉRMINO INDIZADO - PALABRAS CLAVES
Palabra clave Situación y campo
653 ## - TÉRMINO INDIZADO - PALABRAS CLAVES
Palabra clave Ambito de la conducta
653 ## - TÉRMINO INDIZADO - PALABRAS CLAVES
Palabra clave Conducta y jerarquización de áreas
653 ## - TÉRMINO INDIZADO - PALABRAS CLAVES
Palabra clave Niveles de integración de la conducta
653 ## - TÉRMINO INDIZADO - PALABRAS CLAVES
Palabra clave Finalidad de la conducta
653 ## - TÉRMINO INDIZADO - PALABRAS CLAVES
Palabra clave Objeto de la conducta
653 ## - TÉRMINO INDIZADO - PALABRAS CLAVES
Palabra clave Sentido de la conducta
653 ## - TÉRMINO INDIZADO - PALABRAS CLAVES
Palabra clave Encuadres para el estudio de la conducta
653 ## - TÉRMINO INDIZADO - PALABRAS CLAVES
Palabra clave Motivación de la conducta
653 ## - TÉRMINO INDIZADO - PALABRAS CLAVES
Palabra clave Conflictos y conducta
653 ## - TÉRMINO INDIZADO - PALABRAS CLAVES
Palabra clave Conductas defensivas
653 ## - TÉRMINO INDIZADO - PALABRAS CLAVES
Palabra clave Estructura de la conducta
653 ## - TÉRMINO INDIZADO - PALABRAS CLAVES
Palabra clave Problema metodológico en psicología
653 ## - TÉRMINO INDIZADO - PALABRAS CLAVES
Palabra clave Psicología y filosofía
653 ## - TÉRMINO INDIZADO - PALABRAS CLAVES
Palabra clave Psicólogo y las escuelas de psicología
653 ## - TÉRMINO INDIZADO - PALABRAS CLAVES
Palabra clave Conducta y personalidad
930 ## - NUMERO DE INVENTARIO
Número de inventario 1160
942 ## - ADDED ENTRY ELEMENTS (KOHA)
Source of classification or shelving scheme Dewey Decimal Classification
Item type Libros
Existencias
Estado de retiro Existencia Estado general No para prestamo Ubicación permanente ubicación actual Sala de ubicación Fecha de adquisición Total Checkouts Número de clasificación Código de barras Date last seen Date last borrowed Número de ejemplar Price effective from Koha tipo de elemento (item)
        Biblioteca Medicina Biblioteca Medicina Circulación 13/05/2011 1 150.1943 7 BLE 1160 06/11/2014 10/03/2014 ej.1 13/05/2011 Libros

UNIVERSIDAD NACIONAL DEL COMAHUE
Biblioteca de la Facultad de Ciencias Médicas
Sede Toschi: Los Arrayanes y Av. Toschi, Cipolletti  - Rio Negro
Sede Los Tordos:  Yrigoyen al 2211, Cipolletti - Rio Negro 

Teléfono: 0299 - 4774707 int 25
Contacto: biblioteca@facimed.uncoma.edu.ar
© 2011 - 2026